000 00618nam a22002051c 4500
001 a987690937
008 181127s1984 gw a||| 000u ger d
020 _a3404610768
_93-404-61076-8
041 _ager
100 1 _aHerre, Franz
245 0 0 _aRadetzky :
_bder volkstümlichste k.u.k. Feldmarschall und seine bewegte Zeit /
_cFranz Herre
250 _aLizenzausgabe
264 _aBergisch Gladbach :
_bLübbe,
_c1984
300 _a300 S : Ill.
600 0 _aRadetzky von Radetz, Johann Joseph Wenzel
942 _cMG
040 _cRU-10907106
003 RU-10907106
999 _c51965
_d51965
490 0 _aBastei Lübbe-Taschenbuch
_v61076